The pattern of expectation, 1644-2001 /

Bibliographic Details
Main Author: Clarke, I. F. (Ignatius Frederick)
Format: Book
Language:English
Published: London : Cape, 1979.
Subjects:

MARC

Tag First Indicator Second Indicator Subfields
LEADER 00000cam a2200000 i 4500
001 in00000069553
005 20151008054505.0
008 790709s1979 enkaf b 00110 eng
010 |a  79307732  
015 |a GB*** 
020 |a 0224014714 :  |c 7.50 
035 |a (OCoLC)04748814 
035 |9 AAJ0818AM 
040 |a DLC  |c DLC  |d TXA  |d UtOrBLW 
049 |a TXAM  |c [930458] 
050 0 0 |a CB161  |b .C52 
082 0 |a 909 
100 1 |a Clarke, I. F.  |q (Ignatius Frederick) 
245 1 4 |a The pattern of expectation, 1644-2001 /  |c I. F. Clarke. 
264 1 |a London :  |b Cape,  |c 1979. 
300 |a xi, 344 pages, 16 unnumbered leaves of plates :  |b illustrations ;  |c 23 cm. 
336 |a text  |b txt  |2 rdacontent 
337 |a unmediated  |b n  |2 rdamedia 
338 |a volume  |b nc  |2 rdacarrier 
504 |a Includes bibliographical references and index. 
650 0 |a Forecasting  |x History. 
650 0 |a Twentieth century  |v Forecasts. 
999 |a MARS 
999 f f |s bfece556-babc-33bb-9591-7d6c264b89f5  |i 86b46bd7-0e35-3392-8fe8-d2efd11821bc  |t 0 
952 f f |p noncirc  |a Texas A&M University  |b College Station  |c Cushing Memorial Library & Archives  |d Cushing: Science Fiction (Does not check out)  |t 0  |e CB161 .C52  |h Library of Congress classification  |i unmediated -- volume  |m A14852111393 
952 f f |p ric  |a Texas A&M University  |b Rellis Campus  |c Joint Library Facility  |d Remote Storage  |t 0  |e CB161 .C52  |h Library of Congress classification  |i unmediated -- volume  |m A14801839140 
998 f f |a CB161 .C52  |t 0  |l Remote Storage 
998 f f |a CB161 .C52  |t 0  |l Cushing: Science Fiction (Does not check out)